000 00551nam a2200181Ia 4500
005 20250423100005.0
008 250422s9999 xx 000 0 und d
020 _a9781913062453
050 _aHG 3431.A6 .A34/
100 _aAig-Imoukhuede, Aigboje
245 0 _aLeaving the tarmac: buying a bank in Africa
260 _aPoland
260 _bRed Door
260 _c2021
300 _a217 p
650 _aAig-Imoukhuede, Aigboje. Wigwe, Herbert. Banks and banking--Nigeria. Bank management--Nigeria. Success in business--Nigeria.
942 _cBK
999 _c31957
_d31957